• 首页
  • 本馆介绍
  • 公告通知
  • 最新文献
  • 馆藏检索
  • 电子资源
  • 读者导购
  • 参考咨询
  • 我的图书馆
  • 登录
  • 详细信息显示
  • 放入我的书架
  • 预约/预借图书
  • 作者相关作品
  • 分类相关作品
  • 丛书相关作品
  • 出版社相关作品

书目信息

  • 表格格式
  • 工作单格式
  • 卡片格式
题名:
彩虹鸽
    
 
作者: 默克奇 著 ;青闰 译
分册:  
出版信息: 南京   译林出版社  2016
页数: 140页
开本: 23cm
丛书名: 双语译林 壹力文库
单 册:
中图分类: H319.4 , I712.84
科图分类:
主题词: 英语--ying yu--对照读物--英、汉 , 儿童文学--er tong wen xue--中篇小说--美国--现代--对照读物--英、汉
电子资源:
ISBN: 978-7-5447-6668-5
000 01820nam0 22003371 450
001 0122100737
005 20170322100737.0
010    @a978-7-5447-6668-5@dCNY26.80
100    @a20170109d2016 em y0chiy50 ea
101 1  @achi@ceng
102    @aCN@b320000
105    @aa z 000ay
106    @ar
200 1  @a彩虹鸽@9cai hong ge@f(美)达恩·葛帕·默克奇著@g青闰译
210    @a南京@c译林出版社@d2016
215    @a140页@c图@d23cm@e1英文书(145页)
225 2  @a双语译林 壹力文库@9shuang yu yi lin yi li wen ku@v142
312    @a封面英文题名:Gay-neck, the story of a pigeon
314    @a达恩·葛帕·默克奇 (Dhan Gopal Mukerji) (1890-1936),迄今唯一一位获得美国纽伯瑞儿童文学奖金奖的印度裔作家。著作还有《丛林少年哈里》《猎人刚德》等。
314    @a青闰,本名宋金柱,现供职于焦作大学。曾在《世界文学》《当代外国文学》等刊物发表译作。
330    @a本书讲述的是一只信鸽的传奇故事。彩虹鸽是鸽城加尔各答美丽的鸽子。在这座城里,每三个小男孩中就有一个养鸽,他们熟知如何训练鸽子,视鸽子为自己要好的朋友。男孩“我”驯养了这只有彩虹般颜色颈羽的信鸽,他和彩虹鸽之间会发生怎样什么温情的故事?彩虹鸽曾穿越谜一般的喜马拉雅山,勇敢地冒着炮火运送情报,终又为何会丧失飞翔的信念与勇气?战斗是彩虹鸽与生俱来的天性,可当恐惧占据了它的心房,视它如兄弟的“我”,又该如何帮助它重返蓝天?作者穆克奇的文笔十分优美,充满色彩和灵性,字里行间流露出对自然和人生的智慧感悟。
461  0 @12001 @a双语译林 壹力文库@v142
510 1  @aGay-neck, the story of a pigeon@zeng
606 0  @a英语@9ying yu@j对照读物@x英、汉
606 0  @a儿童文学@9er tong wen xue@x中篇小说@y美国@z现代@j对照读物@x英、汉
690    @aH319.4@v5
690    @aI712.84@v5
701  0 @c(美)@a默克奇@9mo ke qi@c(Mukerji, Dhan Gopal@f1890-1936)@4著
702  0 @a青闰@9qing run@4译
801  0 @aCN@bTANGWEI@c20170308
905    @b0959330-7@dH319.4@e1821@f8
    
    彩虹鸽/(美)达恩·葛帕·默克奇著/青闰译.-南京:译林出版社,2016
    140页:图;23cm+1英文书(145页).-(双语译林 壹力文库;142)
    
    
    ISBN 978-7-5447-6668-5:CNY26.80
    本书讲述的是一只信鸽的传奇故事。彩虹鸽是鸽城加尔各答美丽的鸽子。在这座城里,每三个小男孩中就有一个养鸽,他们熟知如何训练鸽子,视鸽子为自己要好的朋友。男孩“我”驯养了这只有彩虹般颜色颈羽的信鸽,他和彩虹鸽之间会发生怎样什么温情的故事?彩虹鸽曾穿越谜一般的喜马拉雅山,勇敢地冒着炮火运送情报,终又为何会丧失飞翔的信念与勇气?战斗是彩虹鸽与生俱来的天性,可当恐惧占据了它的心房,视它如兄弟的“我”,又该如何帮助它重返蓝天?作者穆克奇的文笔十分优美,充满色彩和灵性,字里行间流露出对自然和人生的智慧感悟。
●
相关链接 在E读中查询图书 在五车中查询图书 在当当中查询图书 在豆瓣中查询图书


正题名:彩虹鸽     索取号:H319.4/1821         预约/预借

序号 登录号 条形码 馆藏地/架位号 状态 备注
1 0959330   209593304   第二样本阅览室/ [索取号:H319.4/1821] 在馆    
2 0959331   209593313   第四借阅区/ [索取号:H319.4/1821] 在馆    
3 0959332   209593322   第四借阅区/ [索取号:H319.4/1821] 在馆    
4 0959333   209593331   第四借阅区/ [索取号:H319.4/1821] 在馆    
5 0959334   209593340   第四借阅区/ [索取号:H319.4/1821] 在馆    
6 0959335   209593359   第四借阅区/ [索取号:H319.4/1821] 在馆    
7 0959336   209593368   第四借阅区/ [索取号:H319.4/1821] 在馆    
8 0959337   209593377   第四借阅区/ [索取号:H319.4/1821] 在馆    
唐山师范学院图书馆 欢迎您!
大连网信软件有限公司© 版权所有